Statystyki dla Quiz wiedzy ogólnej #5

Kliknij tutaj aby rozwiązać quiz!

Ogólne statystyki

  • Ten quiz został rozwiązany 2 852 razy
  • Średni wynik to 7 z 20

Statystyki odpowiedzi

PytanieOdpowiedź% Poprawnych
Jeśli urodziłeś się 1 sierpnia, jaki jest twój znak zodiaku?Lew
76%
Przez większość książek Harrego Pottera, kto był dyrektorem w Hogwarcie?Albus Dumbledore
74%
Jaki międzynarodowy konkurs piosenki wygrały ABBA i Celine Dion?Eurowizja
71%
Nie wliczając terytoriów zależnych, jakie jest państwo wysunięte najbardziej na południe?Chile
68%
Jakie miasto było gospodarzem pierwszych nowoczesnych igrzysk olimpijskich w 1896 r.?Ateny
67%
Jak nazywał się kiedyś Mumbaj?Bombaj
65%
Wiele miast w Niemczech mają U-Bahn. Czym jest U-Bahn?Metrem
56%
Jaka gwiazda, oprócz słońca, wydaje się najjaśniejsza z Ziemi?Syriusz
26%
Kto napisał powieść pt. "Nędznicy"?Victor Hugo
21%
W Super Mario Bros., kto jest wrogiem Maria?Bowser
20%
W jakiej dyscyplinie sportu Nadia Comăneci była "perfekcyjna"?Gimnastyce
20%
Czym zajmuje się miksolog?Robieniem {koktajlów}
18%
Jakie są dwa "państwa-obserwatorzy" ONZ, które nie są pełnoprawnymi członkami?Palestyna
17%
Jakie są dwa "państwa-obserwatorzy" ONZ, które nie są pełnoprawnymi członkami?Watykan
17%
Jaki punkt orientacyjny znany jest również pod nazwą Ayers Rock?Uluru
14%
Jakie duże miasto ma inicjały HCMC?Ho Chi Minh City
11%
Jeśli coś jest "prêt-à-porter", to co można z tym zrobić od razu?Założyć na siebie
10%
Jaki muzyk zmarł w katastrofie lotniczej, razem z Ritchie Valens i The Big Bopperem?Buddy Holly
6%
III Symfonia "Eroica" Beethovena została skomponowana w tej tonacjiEs-dur
6%
Jaki architekt zaprojektował muzeum Guggenheima w Nowym Jorku?Frank Lloyd Wright
5%

Rozkład punktacji

Percentyl według liczby udzielonych odpowiedzi

Procent ludzi z każdym wynikiem

Twoja historia wyników

Nie rozwiązałeś tego quizu